New forms of work organisation

Đã lưu trong:
Bibliografiske detaljer
Institution som forfatter: International Labour Office
Format: Bog
Sprog:Undetermined
Udgivet: Geneva International Labour Office 1979
Fag:
Tags: Tilføj Tag
Ingen Tags, Vær først til at tagge denne postø!
Thư viện lưu trữ: Trung tâm Học liệu Trường Đại học Cần Thơ
LEADER 00550nam a2200181Ia 4500
001 CTU_79204
008 210402s9999 xx 000 0 und d
082 |a 658.3 
082 |b I.61 
110 |a International Labour Office 
245 0 |a New forms of work organisation 
245 0 |c International Labour Office 
260 |a Geneva 
260 |b International Labour Office 
260 |c 1979 
650 |a Industrial organization,Work design,Working class 
650 |z European,European 
980 |a Trung tâm Học liệu Trường Đại học Cần Thơ